|
|
|
|
| LEADER |
01958nam a2200469 a 4500 |
| 001 |
nkc20112258272 |
| 003 |
CZ PrNK |
| 005 |
20120227085222.0 |
| 007 |
ta |
| 008 |
120103s2011 xr ac e f 000 0 cze |
| 015 |
|
|
|a cnb002258272
|
| 020 |
|
|
|a 978-80-86708-83-6
|q (brož.)
|
| 035 |
|
|
|a (OCoLC)776511259
|
| 040 |
|
|
|a ABA001
|b cze
|
| 072 |
|
7 |
|a 351
|x Úkoly veřejné správy, správní opatření, legislativa
|2 Konspekt
|9 15
|
| 080 |
|
|
|a 316.346.32-053.9
|2 MRF
|
| 080 |
|
|
|a 351.78:614.8
|2 MRF
|
| 080 |
|
|
|a 351.759.5
|2 MRF
|
| 080 |
|
|
|a (036)
|2 MRF
|
| 100 |
1 |
|
|a Kříha, Josef,
|d 1969-
|7 jx20120103021
|4 aut
|
| 245 |
1 |
0 |
|a Bezpečný život seniorů /
|c [autor Josef Kříha, Benedikt Pinc]
|
| 260 |
|
|
|a České Budějovice :
|b Vysoká škola evropských a regionálních studií,
|c 2011
|
| 300 |
|
|
|a 23 s. :
|b il., portréty ;
|c 21 cm
|
| 500 |
|
|
|a Brožura k vzdělávacímu cyklu, který pořádá Město Příbram ve spolupráci s katedrou právních oborů a bezpečnostních studií a centrem celoživotního vzdělávání Vysoké školy evropských a regionálních studií
|
| 500 |
|
|
|a Název z obálky
|
| 500 |
|
|
|a 500 výt.
|
| 650 |
0 |
7 |
|a senioři
|7 ph117267
|2 czenas
|
| 650 |
0 |
7 |
|a osobní bezpečnost
|7 ph123837
|2 czenas
|
| 650 |
0 |
7 |
|a ochrana majetku
|7 ph123661
|2 czenas
|
| 650 |
0 |
9 |
|a older people
|2 eczenas
|
| 650 |
0 |
9 |
|a personal safety
|2 eczenas
|
| 650 |
0 |
9 |
|a protection of property
|2 eczenas
|
| 655 |
|
7 |
|a informační publikace
|7 fd132454
|2 czenas
|
| 655 |
|
9 |
|a information publications
|2 eczenas
|
| 700 |
1 |
|
|a Pinc, Benedikt
|7 jx20120103028
|4 aut
|
| 710 |
1 |
|
|a Příbram (Česko)
|7 ge130586
|
| 710 |
2 |
|
|a Vysoká škola evropských a regionálních studií.
|b Katedra právních oborů a bezpečnostních studií
|7 mzk2008412436
|
| 910 |
2 |
|
|a BOA001
|b 2-1277.646
|
| 990 |
|
|
|a BK
|
| 995 |
|
|
|a 01
|
| 991 |
|
|
|b 201201
|c NOV
|e n
|
| 996 |
6 |
|
|b 2610497472
|c 2-1277.646
|l MZK
|r Sklad / do 1 hodiny
|n 7
|p p.v.
|w 001221819
|u 000010
|a 1
|e BOA001
|j MZK50
|s P
|